Datum a čas kvízu
16
Celkem bodů
Celkový počet nahraných bodů na tomto kvízu bez doplňovacích otázek.
6.
Pořadí na kvízu
Konečné umístění týmu na tomto kvízu.
Zaznamenané odpovědi
| # | Otázka | Odpověď | Body | Výsledky |
|---|---|---|---|---|
| 1. | Kdo byl ve středu vládou jedno... | Lenka Bradáčová | 0 | |
| 2. | Tento 53letý muž oznámil minul... | Justin Trudeau, Kanada | 0 | |
| 3. | 62letá americká herečka se po... | Demi Moore | 1 | |
| 4. | Dánský král Frederik X. změnil... | medvěd lední (polární) | 1 | |
| 5. | Loňský (a celkově čtyřnásobný)... | Carlos Sainz | 1 | |
| 6. | Toto téma jste si odhlasovali... | B | 0 | |
| 7. | Jistý uznávaný český básník je... | Svatební košile; Jaroslav Vrchlický | 0 | |
| 8. | Zákaz účasti osobám mladším 18... | C; straight (postupka) | 1 | |
| 9. | Přiřaďte fotografie těchto por... | 1D 2C 3A 4B | 0 | |
| 10. | V roce 2009 vydala jedna poměr... | Rammstein | 0 |